00900nam a2200277Ia 450000500170000000800410001702000150005804000180007304100080009106000140009924500870011326000460020030000330024649000600027950400270033965000260036665000220039265000150041465000370042965000240046665000230049070000230051370000280053670000290056470000290059320211111074515.0130821s2001 sp a gr spa  a8480133031 aCo-BoUCMbspa00aspa aQT 2612500aAnatomía del movimiento y urgencias en el deportecFrancisco J. Navas...[et. al] aMadrid (España)bEditorial Gymnosc2001 a271 páginasbilustraciones aColección Biomedica Aplicada al Rendimiento Deportivo aIncluye bibliografía04aAccidentes deportivos04aAnatomía humana04aAnatomía04aDeportistasxAtención médica04aFisiología humana04aMedicina deportiva1 aCaballero, Alberto1 aFerrer, María Angeles1 aRojo, María del Carmen1 aRuiz, María del Carmen